Countries by Borders, Bordering Sea, Capital Proximity, Official Language or Currency in 30 Seconds - Statistics

General Stats
  • This quiz has been taken 242,183 times
    207,259 since last reset
  • The average score is 114 of 196
Answers on the Map
Answers color-coded by a green-red scale on the quiz's map according to % correct below.
 
Answer Stats
Country % Correct
Canada
97%
United States
97%
Russia
95%
France
94%
Mexico
94%
China
93%
Guyana
92%
Argentina
91%
Colombia
90%
India
90%
Pakistan
90%
Uruguay
90%
Peru
89%
Venezuela
88%
Brazil
87%
D. R. Congo
85%
Australia
84%
Republic of the Congo
84%
Suriname
84%
Ireland
83%
Namibia
83%
Spain
83%
Gabon
79%
United Kingdom
79%
Chile
77%
South Africa
77%
Dominican Republic
76%
Finland
76%
New Zealand
76%
Antigua and Barbuda
75%
Bahamas
75%
Barbados
75%
Cuba
75%
Saint Vincent and the Grenadines
75%
Dominica
75%
Equatorial Guinea
75%
Fiji
75%
F. S. Micronesia
75%
Grenada
75%
Kiribati
75%
Liberia
75%
Lithuania
75%
Myanmar
75%
Nauru
75%
Nepal
75%
Palau
75%
Portugal
75%
Saint Kitts and Nevis
75%
Saint Lucia
75%
Solomon Islands
75%
Sudan
75%
Trinidad and Tobago
75%
Tuvalu
75%
Angola
74%
Guinea
74%
Libya
74%
Mauritania
74%
Senegal
74%
Bhutan
73%
Germany
73%
Guatemala
72%
Latvia
72%
Morocco
72%
Kazakhstan
71%
Nicaragua
71%
Papua New Guinea
71%
Philippines
71%
Chad
70%
Costa Rica
70%
Ecuador
70%
Estonia
70%
Algeria
69%
Cameroon
69%
Honduras
69%
Panama
69%
Poland
69%
Ukraine
69%
Belgium
68%
El Salvador
68%
Haiti
68%
North Korea
68%
Tanzania
68%
Central African Republic
67%
Gambia
67%
Guinea-Bissau
67%
Marshall Islands
67%
Mongolia
67%
Norway
67%
Samoa
67%
Sierra Leone
67%
Tonga
67%
Vanuatu
67%
Belarus
66%
South Sudan
65%
Azerbaijan
64%
Luxembourg
64%
Malta
64%
Niger
64%
Austria
62%
Bolivia
61%
Monaco
61%
Rwanda
61%
Paraguay
60%
Egypt
59%
Georgia
59%
Tunisia
59%
Indonesia
58%
Sri Lanka
58%
Switzerland
58%
Cape Verde
57%
Iraq
57%
Italy
57%
Mali
57%
Zimbabwe
57%
Bangladesh
56%
Japan
56%
Nigeria
55%
Saudi Arabia
55%
Uganda
55%
Zambia
55%
Comoros
54%
Eritrea
54%
Kenya
54%
Jordan
53%
Belize
52%
Burundi
52%
Syria
52%
Yemen
52%
Burkina Faso
51%
Djibouti
51%
Iceland
51%
Greece
50%
Oman
50%
Seychelles
50%
United Arab Emirates
50%
Afghanistan
49%
Singapore
49%
Jamaica
48%
Kuwait
48%
Somalia
48%
Turkey
48%
Lebanon
47%
Qatar
47%
San Marino
46%
Slovenia
46%
Benin
45%
Cyprus
44%
Ivory Coast
44%
Slovakia
44%
Vatican City
44%
Eswatini
43%
Lesotho
43%
Mozambique
43%
Iran
42%
Andorra
41%
Netherlands
41%
Croatia
40%
Liechtenstein
39%
Madagascar
39%
Ghana
38%
Togo
38%
Malawi
37%
Laos
36%
Tajikistan
36%
Vietnam
36%
Kyrgyzstan
35%
Israel
34%
Denmark
32%
Armenia
30%
Taiwan
30%
Bahrain
29%
Turkmenistan
29%
Bulgaria
28%
Sweden
27%
Hungary
26%
Brunei
25%
Romania
25%
Czech Republic
22%
Mauritius
22%
Serbia
21%
East Timor
19%
Ethiopia
19%
Maldives
19%
Bosnia and Herzegovina
18%
Montenegro
18%
North Macedonia
18%
Kosovo
16%
Botswana
15%
Malaysia
15%
Albania
14%
São Tomé and Príncipe
14%
Moldova
13%
South Korea
12%
Thailand
11%
Uzbekistan
8%
Cambodia
7%
No matching quizzes found
Score Distribution
Percent of People with Each Score
Percentile by Number Answered
Your Score History
You have not taken this quiz since the last reset